000 00389nam a22001451a 4500
082 _aM301
_bDIL/G
100 _aDileep V
_9135686
245 _aGarbhapathrathilirunnu samsarikkunnu/
_cby Dileep V
260 _aCalicut:
_bPappiyon,
_c2002.
300 _a88p.
650 _aStories Malayalam
_9135687
650 _aLiterature Malayalam
_9135688
650 _aLiterature
_9135689
942 _cBK
999 _c15552
_d15552